Countries that have the best relations with Turkey (country) - Statistics

General Stats
  • This quiz has been taken 13 times
  • The average score is 8 of 15
Answer Stats
Hint Answer % Correct
12 United Kingdom
85%
14 United States
85%
1 Azerbaijan
77%
15 China
77%
2 Pakistan
77%
5 Kazakhstan
54%
8 Turkmenistan
54%
7 Uzbekistan
54%
9 Kyrgyzstan
46%
6 Qatar
46%
11 Albania
38%
10 Bosnia and Herzegovina
38%
13 Italy
38%
3 South Korea
31%
4 Bangladesh
23%
No matching quizzes found
Score Distribution
Percent of People with Each Score
Percentile by Number Answered
Your Score History
You have not taken this quiz